Loading...
Fine Arts - Classical Music | 1 | 10.00 | 0% | 100% | 0% |
Fine Arts - Other Fine Arts | 3 | 13.33 | 33% | 67% | 33% |
Fine Arts - Visual Fine Arts | 2 | 10.00 | 50% | 50% | 0% |
History - American History | 2 | 0.00 | 0% | 0% | 0% |
History - European History | 1 | 10.00 | 0% | 0% | 100% |
History - Other History | 2 | 5.00 | 50% | 0% | 0% |
History - World History | 4 | 10.00 | 50% | 25% | 25% |
Literature - American Literature | 1 | 10.00 | 100% | 0% | 0% |
Literature - British Literature | 4 | 7.50 | 50% | 25% | 0% |
Literature - European Literature | 3 | 13.33 | 67% | 0% | 67% |
Literature - World/Other Literature | 3 | 6.67 | 33% | 33% | 0% |
Mythology | 3 | 13.33 | 100% | 33% | 0% |
Other Academic | 1 | 10.00 | 100% | 0% | 0% |
Philosophy | 2 | 10.00 | 50% | 0% | 50% |
Science - Biology | 1 | 20.00 | 100% | 0% | 100% |
Science - Chemistry | 2 | 5.00 | 0% | 50% | 0% |
Science - Other Science | 1 | 10.00 | 100% | 0% | 0% |
Science - Physics | 2 | 15.00 | 50% | 50% | 50% |
Social Science | 1 | 0.00 | 0% | 0% | 0% |